000 01352nam a2200229Ia 4500
999 _c55755
_d55755
001 22852
003 GE_BSU
005 20230523172412.0
008 181216s ||||ge |||||||||||||| ||geo||
020 _a99940-29-94-0
040 _cGE_BSU
041 _ageo
080 _a821.112.2(436)-1 მ-46
245 _aმე-20 საუკუნის ავსტრიული ლირიკა = Osterreichische Lyrik des 20. Jahrhunderts :
_bმასალები. ტ. 1 ჰუგო ფონ ჰოფმანსთალი, რიხარდ ფონ შაუკალი /
_cიდეის ავტ. და ხელმძღვ. დათო ბარბაქაძე ; მთარგმნ. : გივი ალხაზიშვილი, დავით ახალაძე, დალილა ბედიანიძე და სხვა.
264 _aთბილისი :
_bსაარი,
_c2006.
300 _a318 გვ. ;
_c20 სმ.
541 _h7 ლ.
546 _aლექსები გერმანულ და ქართულ ენებზე
653 _aმე-20 საუკუნის ავსტრიული ლირიკა ტ. 1
653 _aჰუგო ფონ ჰოფმანსთალი, რიხარდ ფონ შაუკალი
942 _cBK
_2udc